Sociología (Registro nro. 3623)
[ vista simple ]
| 000 -LEADER | |
|---|---|
| fixed length control field | 01165 a2200229 4500 |
| 001 - CONTROL NUMBER | |
| control field | 42514 |
| 005 - DATE AND TIME OF LATEST TRANSACTION | |
| control field | 20260407155714.0 |
| 008 - FIXED-LENGTH DATA ELEMENTS--GENERAL INFORMATION | |
| fixed length control field | 260407a1970 arg spa d |
| 003 - CONTROL NUMBER IDENTIFIER | |
| control field | AR-UNSa-BCEJYS |
| 040 ## - CATALOGING SOURCE | |
| Original cataloging agency | AR-UNSa-BCEJYS |
| Language of cataloging | spa |
| Transcribing agency | AR-UNSa-BCEJYS |
| 080 ## - UNIVERSAL DECIMAL CLASSIFICATION NUMBER | |
| Universal Decimal Classification number | 316 |
| Common auxiliary subdivision | Sociología |
| 041 ## - LANGUAGE CODE | |
| Language code of text/sound track or separate title | spa |
| 100 1# - MAIN ENTRY--PERSONAL NAME | |
| Personal name | López-Cepero, José M. |
| 245 10 - TITLE STATEMENT | |
| Title | Sociología |
| 264 #1 - PRODUCTION, PUBLICATION, DISTRIBUTION, MANUFACTURE, AND COPYRIGHT NOTICE | |
| Place of production, publication, distribution, manufacture | México : |
| Name of producer, publisher, distributor, manufacturer | McGraw-Hill |
| Date of production, publication, distribution, manufacture, or copyright notice | 1970 |
| 300 ## - PHYSICAL DESCRIPTION | |
| Extent | 542 p. |
| Dimensions | 23 cm. |
| 505 ## - FORMATTED CONTENTS NOTE | |
| Formatted contents note | 1. Estudios científicos de la sociedad - 2. Campos y métodos de la sociología - 3. La naturaleza de la cultura - 4. La significación de la cultura - 5. Socialización, cultura y personalidad - 6. Rol y status - 7. Control social y desviación social - 8. Grupos y asociaciones - 9. Instituciones sociales - 10. La familia - 11. La clase social - 12. El poder social - 13. Procesos sociales - 14. Movilidad social - 15. La raza y las relaciones étnicas - 16. El comportamiento colectivo - 17. Población - 18. La comunidad - 19. Cambio social y cultural - 20. Movimientos sociales - |
| 590 ## - LOCAL NOTE (RLIN) | |
| Local note | niveau_biblio:m niveau_hierar:0 |
| 700 1# - ADDED ENTRY--PERSONAL NAME | |
| Personal name | Hunt, Chester L. |
| 700 1# - ADDED ENTRY--PERSONAL NAME | |
| Personal name | Horton, Paul B. |
| 942 ## - ADDED ENTRY ELEMENTS (KOHA) | |
| Koha item type | |
| Withdrawn status | Lost status | Damaged status | Not for loan | Home library | Current library | Shelving location | Date acquired | Total checkouts | Full call number | Barcode | Date last seen | Price effective from | Koha item type |
|---|---|---|---|---|---|---|---|---|---|---|---|---|---|
| Biblioteca Prof. Eusebio Cleto del Rey | Biblioteca Prof. Eusebio Cleto del Rey | 07/04/2026 | 316 H823 | L12825 | 07/04/2026 | 07/04/2026 | Libro | ||||||
| Biblioteca Prof. Eusebio Cleto del Rey | Biblioteca Prof. Eusebio Cleto del Rey | 07/04/2026 | 316 H823 | L12826 | 07/04/2026 | 07/04/2026 | Libro |